|
|
|
|
| LEADER |
00000nam0a2200000 4500 |
| 001 |
334337 |
| 005 |
20231102004638.0 |
| 035 |
|
|
|a (RuTPU)RU\TPU\book\360402
|
| 090 |
|
|
|a 334337
|
| 100 |
|
|
|a 20170720d1964 m y0rusy50 ca
|
| 101 |
0 |
|
|a rus
|
| 102 |
|
|
|a RU
|
| 105 |
|
|
|a a z 001zy
|
| 200 |
1 |
|
|a Электротермические установки с ионными преобразователями повышенной частоты
|f А. В. Донской, Г. В. Ивенский
|
| 210 |
|
|
|a Москва
|a Ленинград
|c Энергия
|d 1964
|
| 215 |
|
|
|a 210 с.
|c ил.
|
| 320 |
|
|
|a Библиогр.: с. 207-210
|
| 330 |
|
|
|a Приведены основные материалы, относящиеся к исследованию, проектированию, производству и эксплуатации электротермических установок с ионными преобразователями повышенной частоты тока.
|
| 606 |
1 |
|
|a Электротермическое оборудование
|2 stltpush
|3 (RuTPU)RU\TPU\subj\20884
|9 45946
|
| 606 |
1 |
|
|a Преобразователи частоты
|2 stltpush
|3 (RuTPU)RU\TPU\subj\51346
|9 69941
|
| 610 |
1 |
|
|a ионные преобразователи
|
| 610 |
1 |
|
|a инвенторы
|
| 610 |
1 |
|
|a материалы
|
| 610 |
1 |
|
|a исследования
|
| 610 |
1 |
|
|a проектирование
|
| 610 |
1 |
|
|a эксплуатация
|
| 675 |
|
|
|a 621.785.545.07
|v 4
|
| 675 |
|
|
|a 621.314.26
|v 4
|
| 700 |
|
1 |
|a Донской
|b А. В.
|g Александр Васильевич
|
| 701 |
|
1 |
|a Ивенский
|b Г. В.
|g Григорий Васильевич
|
| 801 |
|
1 |
|a RU
|b 63413507
|c 20170720
|
| 801 |
|
2 |
|a RU
|b 63413507
|c 20171116
|g RCR
|
| 942 |
|
|
|c BK
|